Podaná ruka začínajícím. Nadace Prospo poradí, pomůže, zprostředkuje, ale nedá peníze.

Nadácia PROSPO (pre podporu a rozvoj súkromného podnikania) vznikla 1.10.1992 ako neštátna inštitúcia bez príspevku štátneho rozpočtu. Nadácia bola založená v spolupráci so Združením kresťanských podnikateľov a manažérov a Nadáciou Konrada Adenauera. Okrem rozširovania možností školení a výchovy pod...

Descrizione completa

Salvato in:
Dettagli Bibliografici
Autore principale: Zajkr, B.
Natura: Capitolo di libro
Lingua:ceco
Soggetti:
Tags: Aggiungi Tag
Nessun Tag, puoi essere il primo ad aggiungerne!!

MARC

LEADER 00000naa a2200000 4500
001 r012712
005 20220826094018.3
041 0 |a cze 
044 |a CZ 
245 1 0 |a Podaná ruka začínajícím.  |b Nadace Prospo poradí, pomůže, zprostředkuje, ale nedá peníze.  |c B. Zajkr 
520 |a Nadácia PROSPO (pre podporu a rozvoj súkromného podnikania) vznikla 1.10.1992 ako neštátna inštitúcia bez príspevku štátneho rozpočtu. Nadácia bola založená v spolupráci so Združením kresťanských podnikateľov a manažérov a Nadáciou Konrada Adenauera. Okrem rozširovania možností školení a výchovy podnikateľov spracováva a predkladá vybrané podnikateľské zámery pre projekty spolupráce s pomocou flámskej vlády súkromnému podnikaniu v ČR a SR. 
610 2 0 |a PROSPO 
610 2 0 |a nadácie 
610 2 0 |a podnikanie súkromné 
610 2 0 |a školenie odborné 
610 2 0 |a poradenstvo 
100 1 |a Zajkr, B.